| 000 | 01347nam0a22002771 4500 | ||
|---|---|---|---|
| 001 | rc\4585632 | ||
| 005 | 20250612124017.0 | ||
| 021 |
_aRU _b[62-18555] |
||
| 035 | _a(NLR Aleph) 008658820 | ||
| 090 |
_a9048281 _c9048281 |
||
| 100 | _a20130416d1961 |||y0rusy50 ca | ||
| 101 | 0 | _arus | |
| 102 | _aRU | ||
| 105 | _aa z ||||| | ||
| 200 | 1 |
_aПособие по составлению рабочих чертежей машиностроительных деталей _eДля студентов всех фак. _fАвт. канд. техн. наук А.С. Метер _gСпецред. канд. техн. наук И.С. Овчинникова _gМ-во высш. и сред. спец. образования РСФСР. Всесоюз. заоч. ин-т пищевой пром-сти. Кафедра начертательной геометрии и машиностроит. черчения |
|
| 210 |
_aМосква _cБ. и. _d1961 |
||
| 215 |
_a31 с., 1 л. черт. _cчерт. _d20 |
||
| 300 | _aНа обл. авт. не указан | ||
| 606 |
_aДетали машин _jЧертежи _2psbo |
||
| 700 | 1 |
_aМетер _bА.С. _gАнна Соломоновна |
|
| 702 | 1 |
_aОвчинникова _bИ.С. _4340 |
|
| 801 | 0 |
_aRU _bNLR _gpsbo |
|
| 801 | 1 |
_aRU _bELAR _2rusmarc |
|
| 852 |
_aNLR _j62-4/6200 |
||
| 942 | _cBOOK | ||
| 980 | _aNB | ||